Tokyo Wards Kanji and hiragana Quiz Stats

 Plays Quiz not verified by Sporcle

Score 0/23 Timer 05:00
0 Plays Today
Question Answer Wrong Answers
きたく 北区
88.2%
港区
3.9%
中央区
2%
千代田区
3.9%
いたばしく 板橋区
84.3%
台東区
3.9%
豊島区
5.9%
中野区
2%
しぶやく 渋谷区
84.3%
豊島区
5.9%
台東区
2%
葛飾区
5.9%
せたがやく 世田谷区
84.3%
千代田区
7.8%
江戸川区
2%
渋谷区
2%
かつしかく 葛飾区
84.3%
中央区
2%
中野区
7.8%
北区
3.9%
すみだく 墨田区
82.4%
港区
7.8%
北区
2%
品川区
5.9%
めぐろく 目黒区
82.4%
足立区
3.9%
新宿区
5.9%
渋谷区
3.9%
としまく 豊島区
82.4%
文京区
5.9%
台東区
7.8%
目黒区
2%
しながわく 品川区
80.4%
荒川区
9.8%
江戸川区
7.8%
港区
0%
しんじゅくく 新宿区
80.4%
品川区
2%
渋谷区
7.8%
練馬区
3.9%
ちゅうおうく 中央区
80.4%
中野区
7.8%
目黒区
3.9%
大田区
3.9%
たいとうく 台東区
80.4%
文京区
9.8%
杉並区
5.9%
品川区
0%
なかのく 中野区
80.4%
中央区
7.8%
板橋区
2%
練馬区
5.9%
ちよだく 千代田区
78.4%
世田谷区
7.8%
江戸川区
3.9%
大田区
3.9%
えどがわく 江戸川区
78.4%
葛飾区
5.9%
荒川区
3.9%
江東区
9.8%
ぶんきょうく 文京区
78.4%
目黒区
11.8%
品川区
3.9%
荒川区
0%
あらかわく 荒川区
76.5%
品川区
15.7%
墨田区
2%
目黒区
2%
みなとく 港区
76.5%
北区
3.9%
墨田区
7.8%
葛飾区
9.8%
おおたく 大田区
76.5%
大分県
11.8%
文京区
3.9%
足立区
7.8%
すぎなみく 杉並区
76.5%
練馬区
7.8%
足立区
5.9%
荒川区
7.8%
あだちく 足立区
70.6%
杉並区
7.8%
練馬区
3.9%
渋谷区
13.7%
こうとうく 江東区
66.7%
江戸川区
5.9%
台東区
17.6%
文京区
3.9%
ねりまく 練馬区
64.7%
杉並区
23.5%
足立区
5.9%
新宿
2%

You're not logged in!

Compare scores with friends on all Sporcle quizzes.
OR
Log In

Sporcle TV

Today on Sporcle TV


Watch our educational content, quiz creation guides, and fun videos on Sporcle TV.

Show Comments

Extras

Top Quizzes Today


Score Distribution

Your Account Isn't Verified!

In order to create a playlist on Sporcle, you need to verify the email address you used during registration. Go to your Sporcle Settings to finish the process.

Report this User

Report this user for behavior that violates our Community Guidelines.

Details: